000
00274nam a22001337a 4500
008
170524b xxu||||| |||| 00| 0 eng d
020
_a
3540163832
041
_a
eng
080
_a
62
100
_a
26
101
_a
IM
245
_a
RECHENSYSTEME
_c
VALK,R
942
_2
udc
_c
BK
999
_c
14051
_d
14051